| 000 | 01231nam a22003737a 4500 | ||
|---|---|---|---|
| 003 | CHAP | ||
| 005 | 20220329132950.0 | ||
| 008 | 971013s1990 r 00010 d | ||
| 010 | _a745 | ||
| 011 | _a1717 | ||
| 035 | _a893 | ||
| 040 | _cCHAP | ||
| 090 | _aTesis | ||
| 100 | 0 | 0 |
_aRuvalcaba Limón, Jaime. _9101007 |
| 245 | _aEstudio econométrico del mercado del garbanzo para consumo humano en México | ||
| 260 |
_aMontecillo, Méx. : _bEl autor, _c1990 |
||
| 300 | _a149 h. | ||
| 500 | _a37-219 | ||
| 502 | _aTesis (M.C. Esp. en Economía Agrícola) -- CP. Centro de Economía Agrícola | ||
| 590 |
_aALEPH _b10 _c20130110 _lUCH01 _h1206 |
||
| 590 |
_aBATCH-UPD _b10 _c20130110 _lUCH01 _h0103 |
||
| 590 |
_aBATCH-UPD _b10 _c20130110 _lUCH01 _h2134 |
||
| 590 |
_aBATCH-UPD _b10 _c20130409 _lUCH01 _h2053 |
||
| 590 |
_aBATCH-UPD _b10 _c20130410 _lUCH01 _h1443 |
||
| 590 |
_aBATCH-UPD _b10 _c20130914 _lUCH01 _h1526 |
||
| 590 |
_aCONVERSION _b10 _c20130109 _lUCH01 _h1302 |
||
| 650 | 1 | 4 |
_aGarbanzo _xAspectos económicos. _945598 |
| 650 | 1 | 4 |
_aGarbanzo _xMercadeo. _945620 |
| 650 | 1 | 4 |
_aGarbanzo _xMéxico. _945621 |
| 901 | _aBK | ||
| 942 | _cFOLL | ||
| 949 |
_bBC _cTES _d-10352 _eTS1 _i893 _si |
||
| 949 |
_bBC _cTES _d8932 _eTS2 _fc.2 _i893 _si |
||
| 999 |
_c745 _d745 |
||